Справочно-библиографската работа в масовата библиотека (Запис номер 129700)
[ съкратено ]
| 000 -Лидер | |
|---|---|
| Контролно поле с фиксирана дължина | nam a22 a 4500 |
| 003 - Код на организацията, давaща контролен номер | |
| Контролно поле | BLK |
| 005 - Дата и час на последна редакция | |
| Контролно поле | 20210310161736.0 |
| 008 - Елементи от данни с фиксирана дължина | |
| fixed length control field | 180409b bul|||||r ||||||| ||bul|| |
| 010 ## - Наследен системен номер | |
| LC control number | KNG00135438000 |
| 040 ## - Източник на каталожния запис | |
| Идентификатор на билиотеката - собственик на записа | BLK |
| 041 ## - Код за език | |
| Код за езика на текст/звукозапис или на отделно заглавие | Български |
| Код за езика КДБФ | Български |
| 080 ## - УДК | |
| Текстов определител УДК | Справочно-библиографска и информационна работа - Форми на пропаганда на книгата, библиографски помагала, пътеводители по литературата и др. Вж и 028 |
| УДК код - определител по УДК | 025.5 |
| УДК определител | (035) |
| УДК - код + определител | 025.5(035) |
| 100 1# - Редна дума - Автор | |
| Автор | Тренков, Христо Йорданов |
| Авторска отговорност | първи автор |
| R(LIN) | 378034 |
| 139 ## - Редно поле | |
| Редна дума | Тренков, Христо Йорданов |
| Авторски знак | Трен - Т 82 |
| 245 10 - Сведения за заглавието | |
| Заглавие | Справочно-библиографската работа в масовата библиотека |
| Подзаглавни данни | Ръководство за начинаещия библиотекар |
| Редно поле (дума) | Христо Йорданов Тренков. |
| 257 ## - Страна на издаване | |
| Страна на създаване/издаване | България |
| 260 ## - Област на издателските данни | |
| Място на издаване, разпространение и проч. | София |
| Име на издателя, разпространителя и проч. | Наука и изкуство |
| Година на издаване | 1953 |
| Печатница | София : Дечо Стефанов |
| 300 ## - Физическа характеристика | |
| Страници | 100 с. |
| Размери/Мащаб | 20 см |
| 380 ## - Жанр | |
| Жанр | Общ отдел |
| 500 ## - Общи забележки | |
| Забележка | Изд. на КНИК. - 2 000 тир. - Съдържа Приложения Какво да четем по справочно-библиогр. работа, Списък на по-важните справочници, необходими в масовата библиотека. |
| 650 #4 - Допълнително описание по предмет – тема | |
| Основно описание – тема или топоним | Библиотеки - справочно-библиографска и информационна работа |
| 9 (RLIN) | 259350 |
| 653 ## - Ключова дума – ненормативна | |
| Ключова дума | библиотечно обслужване |
| 653 ## - Ключова дума – ненормативна | |
| Ключова дума | справочно-библиографска работа |
| 653 ## - Ключова дума – ненормативна | |
| Ключова дума | информационна дейност |
| 653 ## - Ключова дума – ненормативна | |
| Ключова дума | ръководства |
| 852 ## - Местоположение | |
| Форматна сигнатура | Цб 0.200.46513 |
| Фондова буква | Хранилище |
| 856 4# - Електронен адрес и достъп | |
| Електронен формат | pdf - файл |
| 856 4# - Електронен адрес и достъп | |
| Електронен формат | pdf - файл |
| 999 ## - СИСТЕМНИ КОНТРОЛНИ НОМЕРА | |
| Koha biblionumber | 129700 |
| Koha biblioitemnumber | 129700 |
| 942 ## - АРТИКУЛИ | |
| Вид на библиотечния материал | Книги |
| Скрит в OPAC | Не |
| Периодичен библиозапис | Да |
| 944 ## - СЪЗДАВАНЕ И РЕДАКЦИЯ на ЗАПИСА | |
| Създаване/Редакция | Създаване |
| Дата на регистрацията/редакция | 23.10.2012 |
| Статус, дата на статуса | 23.10.2012 - от С1,Р / 23.10.2012 |
| Служител, извършил регистрацията/редакцията | Наталия_Медовщикова |
| 944 ## - СЪЗДАВАНЕ И РЕДАКЦИЯ на ЗАПИСА | |
| Създаване/Редакция | Редакция |
| Дата на регистрацията/редакция | 2021-03-10 |
| Служител, извършил регистрацията/редакцията | ГГГ |
| 999 ## - СИСТЕМНИ КОНТРОЛНИ НОМЕРА | |
| Koha biblioitemnumber | 129700 |
| 999 ## - СИСТЕМНИ КОНТРОЛНИ НОМЕРА | |
| Koha biblioitemnumber | 129700 |
| Код за отписване | Код за изгубен артикул | Източник на класификационната схема | Код за повреда | Коз за рестрикции | Код за отдаване | Артикулен № | Име на библиотеката - собственик | Име на библиотеката, в която се намира в момента | Статус (Текущо местоположение) | Дата на вписване в системата | Местоположение - отдел | Цена в лева | Инвентарен номер | Систематично азбучна сигнатура | Баркод | Номер на екземпляра | Цена в евро | Служебна бележка | Служебен тип на артикула |
|---|---|---|---|---|---|---|---|---|---|---|---|---|---|---|---|---|---|---|---|
| Не е изгубен | Universal Decimal Classification | Не е повреден | само за читалня | ползва се в читалня | 210886 | Регионална библиотека "Любен Каравелов" Русе | Регионална библиотека "Любен Каравелов" Русе | Хранилище | 1953-01-01 | Основен фонд - ползва се само за читалня | 0.25 | 872/54 | Цб 0.200.46513 | 900000038720 | 1 | 0.13 | N: стар фонд Дата: 01.01.1953 Дата инв: 01.04.2015 Бележки инв: О2015 | Книги | |
| Изтеглен | Не е изгубен | Не е повреден | без рестрикции | ползва се в читалня | 210887 | Регионална библиотека "Любен Каравелов" Русе | Регионална библиотека "Любен Каравелов" Русе | Методичен отдел | 1953-01-01 | Методичен отдел | 0.00 | 864/54 | БМ 025.5/Т 82 | 864/54 | 2 | 0.00 | N: стар фонд Дата: 01.01.1953 | Книги | |
| Изтеглен | Не е изгубен | Не е повреден | без рестрикции | ползва се в читалня | 210888 | Регионална библиотека "Любен Каравелов" Русе | Регионална библиотека "Любен Каравелов" Русе | Методичен отдел | 1953-01-01 | Методичен отдел | 0.00 | 866/54 | БМ 025.5/Т 82 | 866/54 | 3 | 0.00 | N: стар фонд Дата: 01.01.1953 | Книги | |
| Изтеглен | Не е изгубен | Не е повреден | без рестрикции | ползва се в читалня | 210889 | Регионална библиотека "Любен Каравелов" Русе | Регионална библиотека "Любен Каравелов" Русе | Методичен отдел | 1953-01-01 | Методичен отдел | 0.00 | 871/54 | БМ 025.5/Т 82 | 871/54 | 4 | 0.00 | N: стар фонд Дата: 01.01.1953 | Книги |